000 00258nam a22001337a 4500
082 _a823
_bAMI/SIT
100 _aAMISH
245 _aSITA WARRIOR OF MITHILA
260 _bWESTLAND
_c2017
300 _a361
520 _aSTORY
650 _aSTORY
942 _cBK
999 _c7213
_d7213